No Shortcuts - Asia - Statistics

General Stats
  • This quiz has been taken 23 times
  • The average score is 31 of 48
Answers on the Map
Answers color-coded by a green-red scale on the quiz's map according to % correct below.
 
Answer Stats
Answer % Correct
India
100%
China
94%
Japan
89%
Pakistan
89%
Malaysia
83%
Mongolia
83%
Nepal
83%
Vietnam
83%
Yemen
83%
Indonesia
78%
Iran
78%
Iraq
78%
Oman
78%
Bhutan
72%
Cambodia
72%
Jordan
72%
Laos
72%
Myanmar
72%
Singapore
72%
Syria
72%
Taiwan
72%
Turkey
72%
Armenia
67%
Azerbaijan
67%
Qatar
67%
Saudi Arabia
67%
South Korea
67%
Thailand
67%
Georgia
61%
Israel
61%
North Korea
61%
Sri Lanka
61%
Afghanistan
56%
Bahrain
56%
Brunei
56%
Kazakhstan
56%
Kuwait
56%
Lebanon
56%
Bangladesh
50%
Cyprus
50%
Philippines
50%
Maldives
44%
Kyrgyzstan
28%
Tajikistan
28%
Turkmenistan
28%
Uzbekistan
28%
United Arab Emirates
22%
East-Timor
17%
No matching quizzes found
Score Distribution
Percent of People with Each Score
Percentile by Number Answered
Your Score History
You have not taken this quiz